| 000 | 01253nam a22002897a 4500 | ||
|---|---|---|---|
| 999 |
_c27982 _d27953 |
||
| 003 | EG-ScBUE | ||
| 005 | 20200130125751.0 | ||
| 008 | 200130s1998 ua f b 000 0 ara d | ||
| 020 | _a9772704048 | ||
| 040 |
_aEG-ScBUE _bara _erda _cEG-ScBUE _dEG-ScBUE |
||
| 082 | 0 | 4 |
_a020.21 _bز ا ي _222 |
| 100 | 1 |
_aزايد، يسرية عبد الحليم، _eمؤلف. |
|
| 245 | 1 | 2 |
_aالمعايير الموحدة للمكتبات والمعلومات / _cتأليف دكتورة يسرية محمد عبد الحليم زايد، أستاذ مساعد بقسم المكتبات والوثائق والمعلومات، كلية الآداب، جامعة القاهرة. |
| 250 | _aالطبعة الأولى. | ||
| 264 | 1 |
_aالقاهرة : _bالدار المصرية اللبنانية، _c1998. |
|
| 300 |
_a309 صفحة ؛ _c24 سم |
||
| 336 |
_2rdacontent _aنص _btxt |
||
| 337 |
_2rdamedia _aبدون وسيط _bn |
||
| 338 |
_2rdacarrier _aمجلد _bnc |
||
| 500 | _aيشتمل على ملاحق. | ||
| 504 | _aيشتمل على إرجاعات ببليوجرافية. | ||
| 650 | 7 |
_aالمكتبات، علم. _2BUEsh |
|
| 650 | 7 |
_aالمعلومات، علم. _2BUEsh |
|
| 653 |
_bGGEN _cJanuary2020 |
||
| 655 | _vReading book | ||
| 942 | _2ddc | ||